So What Now - Renee Rapp (All Lyrics) - Statistics

General Stats
  • This quiz has been taken 25 times
  • The average score is 355 of 394
Answer Stats
Lyrics % Correct
a
100%
call
100%
friend
100%
I
100%
If
100%
now?
100%
say
100%
Should
100%
should
100%
So
100%
so
100%
talk?
100%
to
100%
we
100%
What
100%
what
100%
you
100%
You
100%
again
94%
and
94%
cry
94%
(cry)
94%
Do
94%
do
94%
don't
94%
each
94%
from
94%
gonna
94%
here
94%
I'm
94%
in?
94%
into
94%
it
94%
me
94%
miss
94%
missing
94%
of
94%
on
94%
other
94%
see
94%
tell
94%
that
94%
That
94%
the
94%
too
94%
wanna
94%
we're
94%
your
94%
you're
94%
You're
94%
Both
88%
But
88%
but
88%
calls
88%
'Cause
88%
city
88%
come
88%
cool
88%
family's
88%
friends
88%
know
88%
lie
88%
like
88%
live
88%
my
88%
over
88%
pretend
88%
run
88%
up
88%
us
88%
why
88%
back
81%
dramatic,
81%
found
81%
grew
81%
hell,
81%
hell
81%
keep
81%
out
81%
out,
81%
right
81%
walkin'?
81%
was
81%
well
81%
well?
81%
Yeah,
81%
yet?
81%
be
75%
chill
75%
doorbell
75%
ended
75%
feel
75%
fight
75%
gives
75%
love
75%
said
75%
streets
75%
things
75%
also
69%
banging
69%
California
69%
didn't
69%
hated
69%
mouth
69%
that's
69%
Welcome
69%
could
63%
dimples
63%
kiss
63%
little
63%
might
63%
small
63%
those
63%
across
56%
flick
56%
room
56%
Yes,
56%
cussed
50%
Still,
50%
wish
50%
hug
38%
ass
31%
dumb
31%
bitch
25%
crusty
25%
think
25%
No matching quizzes found
Score Distribution
Percent of People with Each Score
Percentile by Number Answered
Your Score History
You have not taken this quiz